|
|
|
|
| LEADER |
02950nam a2200793 i 4500 |
| 001 |
nkc20223393337 |
| 003 |
CZ PrNK |
| 005 |
20220809180458.0 |
| 007 |
ta |
| 008 |
220127s2021 xr e 001 0 cze |
| 015 |
|
|
|a cnb003393337
|
| 020 |
|
|
|a 978-80-7422-824-7
|q (vázáno) :
|c Kč 349,00
|
| 035 |
|
|
|a (OCoLC)1344358656
|
| 040 |
|
|
|a OLA001
|b cze
|e rda
|
| 041 |
0 |
|
|a cze
|b eng
|
| 045 |
|
|
|a x-y-
|
| 072 |
|
7 |
|a 27
|x Křesťanství. Křesťanská církev všeobecně. Eklesiologie
|2 Konspekt
|9 5
|
| 080 |
|
|
|a 27
|2 MRF
|
| 080 |
|
|
|a 27-184.3
|2 MRF
|
| 080 |
|
|
|a 2-58
|2 MRF
|
| 080 |
|
|
|a 316.733+304.44
|2 MRF
|
| 080 |
|
|
|a 316.42
|2 MRF
|
| 080 |
|
|
|a 165-028.82
|2 MRF
|
| 080 |
|
|
|a 27-7-028.79
|2 MRF
|
| 080 |
|
|
|a 27-662:3
|2 MRF
|
| 080 |
|
|
|a 27-028.43
|2 MRF
|
| 080 |
|
|
|a 27-72-028.43
|2 MRF
|
| 080 |
|
|
|a (0:82-4)
|2 MRF
|
| 100 |
1 |
|
|a Halík, Tomáš,
|d 1948-
|7 jk01033235
|4 aut
|
| 245 |
1 |
0 |
|a Odpoledne křesťanství :
|b odvaha k proměně /
|c Tomáš Halík
|
| 250 |
|
|
|a Vydání první
|
| 264 |
|
1 |
|a Praha :
|b NLN,
|c 2021
|
| 300 |
|
|
|a 266 stran ;
|c 22 cm
|
| 336 |
|
|
|a text
|b txt
|2 rdacontent
|
| 337 |
|
|
|a bez média
|b n
|2 rdamedia
|
| 338 |
|
|
|a svazek
|b nc
|2 rdacarrier
|
| 504 |
|
|
|a Obsahuje bibliografii, bibliografické odkazy a rejstřík
|
| 546 |
|
|
|a Anglické resumé
|
| 648 |
|
7 |
|a 20.-21. století
|7 ch462155
|2 czenas
|
| 650 |
0 |
7 |
|a křesťanství
|7 ph115073
|2 czenas
|
| 650 |
0 |
7 |
|a křesťanská víra
|7 ph122113
|2 czenas
|
| 650 |
0 |
7 |
|a spiritualita
|7 ph116237
|2 czenas
|
| 650 |
0 |
7 |
|a kulturní změna
|7 ph114000
|2 czenas
|
| 650 |
0 |
7 |
|a sociální změna
|7 ph125820
|2 czenas
|
| 650 |
0 |
7 |
|a nové paradigma
|7 ph139143
|y 20.-21. století
|2 czenas
|
| 650 |
0 |
7 |
|a reforma církve
|7 ph281880
|y 20.-21. století
|2 czenas
|
| 650 |
0 |
7 |
|a křesťanství a společnost
|7 ph138510
|y 20.-21. století
|2 czenas
|
| 650 |
0 |
7 |
|a kritika křesťanství
|7 ph280654
|y 20.-21. století
|2 czenas
|
| 650 |
0 |
7 |
|a kritika církve
|7 ph280653
|y 20.-21. století
|2 czenas
|
| 650 |
0 |
9 |
|a Christianity
|2 eczenas
|
| 650 |
0 |
9 |
|a Christian faith
|2 eczenas
|
| 650 |
0 |
9 |
|a spirituality
|2 eczenas
|
| 650 |
0 |
9 |
|a cultural change
|2 eczenas
|
| 650 |
0 |
9 |
|a social change
|2 eczenas
|
| 650 |
0 |
9 |
|a new paradigma
|y 20th-21st centuries
|2 eczenas
|
| 650 |
0 |
9 |
|a reform of the church
|y 20th-21st centuries
|2 eczenas
|
| 650 |
0 |
9 |
|a Christianity and civilization
|y 20th-21st centuries
|2 eczenas
|
| 650 |
0 |
9 |
|a critique of Christianity
|y 20th-21st centuries
|2 eczenas
|
| 650 |
0 |
9 |
|a criticism of the church
|y 20th-21st centuries
|2 eczenas
|
| 653 |
0 |
|
|a kairologie
|
| 655 |
|
7 |
|a eseje
|7 fd132213
|2 czenas
|
| 655 |
|
9 |
|a essays
|2 eczenas
|
| 910 |
2 |
|
|a BOA001
|b 2-1480.523
|
| 928 |
9 |
|
|a Nakladatelství Lidové noviny
|
| 990 |
|
|
|a BK
|
| 995 |
|
|
|a 01
|
| 991 |
|
|
|b 202203
|c NOV
|
| 996 |
6 |
|
|b 2610893636
|c 2-1480.523
|l MZK
|r Sklad / do 1 hodiny
|n 0
|p p.v.
|w 001877596
|u 000010
|a 1
|e BOA001
|j MZK50
|s P
|
| 996 |
7 |
|
|b 2610895604
|c 2-1480.523
|l MZK
|r Sklad / do 1 hodiny
|n 10
|p kup
|w 001877596
|u 000020
|a 1
|e BOA001
|j MZK50
|s A
|